Analýza zahraničnej politiky ČR po roku 2004 bakalárska práca

Saved in:
Bibliographic Details
Main Author: Čársky, Samuel
Corporate Author: Fakulta medzinárodných vzťahov EU. Katedra medzinárodných politických vzťahov
Other Authors: Zubro, Tetyana, 1975-
Format: Book
Language:Slovak
Published: Bratislava 2018
Tags: Add Tag
No Tags, Be the first to tag this record!

MARC

LEADER 00000nbm a2200000 4500
001 0247274
005 20180924091604.2
041 0 |a slo 
044 |a SK 
245 1 0 |a Analýza zahraničnej politiky ČR po roku 2004  |b bakalárska práca  |c Samuel Čársky ; školiteľ: Tetyana Zubro 
264 1 |a Bratislava  |c 2018 
300 |a 41 s. 
100 1 |a Čársky, Samuel 
700 1 |a Zubro, Tetyana, 1975- 
710 2 |a Fakulta medzinárodných vzťahov EU. Katedra medzinárodných politických vzťahov